Trestný zákon a trestný poriadok
Saved in:
| Format: | Book |
|---|---|
| Language: | Slovak |
| Published: |
Bratislava
Povereníctvo spravodlivosti
[s.a.]
|
| Tags: |
No Tags, Be the first to tag this record!
|
MARC
| LEADER | 00000nam a2200000 4500 | ||
|---|---|---|---|
| 001 | 0307549 | ||
| 005 | 20250307124705.1 | ||
| 041 | 0 | |a slo | |
| 044 | |a SK | ||
| 245 | 1 | 0 | |a Trestný zákon a trestný poriadok |
| 264 | 1 | |a Bratislava |b Povereníctvo spravodlivosti |c [s.a.] | |